| 000 | 02139nam a2200373 i 4500 | ||
|---|---|---|---|
| 001 | 768714001 | ||
| 003 | CO-MdFUSB | ||
| 005 | 20230411102649.0 | ||
| 007 | ta | ||
| 008 | 220212t1990 -us |||| |||| 00| 0 spa d | ||
| 020 | _a0829707530 | ||
| 040 |
_aCO-MdFUSB _bspa _cCO-MdFUSB _dCO-MdFUSBC _erda |
||
| 041 |
_aspa _heng |
||
| 082 |
_223 _a813.6 _bP437 |
||
| 100 |
_aPeretti, Frank E. _eautor |
||
| 240 | _aPiercing the darkness | ||
| 245 | 1 |
_aPenetrando la oscuridad : _bnovela _c/ Frank E. Peretti ; traducido por Jorge Arbeláez Giraldo |
|
| 264 | 1 |
_aDeerfield, Florida : _bVida, _c[1990] |
|
| 264 | 4 | _c© 1990 | |
| 300 |
_a463 páginas _c; 21 cm |
||
| 336 |
_2rdacontent _atexto _btxt |
||
| 337 |
_2rdamedia _asin mediación _bn |
||
| 338 |
_2rdacarrier _avolumen _bnc |
||
| 505 | _aEsta oscuridad presente -- Perforando la oscuridad. | ||
| 520 | _aEsta patente oscuridad tiene como escenario un típico pueblo pequeño llamado Ashton, donde nada parece suceder. Hasta que... un reportero escéptico y un pastor intercesor comienzan a comparar notas. De repente se encuentran peleando contra un horrible complot de la Nueva Era para subyugar a la gente del pueblo y, con el tiempo, a la humanidad entera. La batalla contra el mal continua en Penetrando la oscuridad, donde una joven solitaria que huye para salvar su vida mientras trata de recordar su oscuro pasado encuentra refugio en una pequeña comunidad agrícola llamada Bacon’s Corner. Allí se encuentra atrapada en medio de sucesos extraños… desde un atentado de asesinato hasta una despiadada acción legal contra una escuela cristiana en problemas. A lo largo de un panorama vasto de acción emocionante, estas historias constituyen un cuadro penetrante de nuestro mundo, un reflejo de sus andanzas espirituales, un vívido recordatorio del poder redentor de la cruz. | ||
| 563 | _aRústico | ||
| 650 | 0 |
_919 _aVida cristiana |
|
| 650 | 7 |
_92493 _aLiteratura norteamericana _2embne |
|
| 653 | _aCristianismo -- Ficción. | ||
| 653 | _aLiteratura evangélica. | ||
| 700 |
_aGiraldo, Jorge Arbeláez. _96310 |
||
| 942 | _cBK | ||
| 945 | _aJTF-925 | ||
| 999 |
_c67174 _d67174 |
||